LEADER 01261nam a2200277 i 4500 001 000000212031 003 CaOOAMICUS 005 20211025125513.0 008 120323s1843 it u000 u mul u 013 $a190860 040 $aSeMil$bita 100 1 $aPetronius Arbiter,$d.$0(OLS)http://semarc/name/43533 245 10$aSatire di Tito Petronio Arbitro :$bcavaliere romano /$ccon traduzione e note di Vincenzo Lancetti. 246 01$aT. Petronii Arbitri Satyricon 260 $aVenezia :$bGiuseppe Antonelli,$c1843. 300 $aCol. 1419-1868 ;$c27 cm. 490 0 $aBiblioteca degli scrittori latini : con testo a fronte 500 $aFront. e testo originale a fronte. 700 1 $aLancetti, Vincenzo.$0(OLS)http://semarc/name/12171 830 0$aBiblioteca degli scrittori latini : con testo a fronte.$0(OLS)http://semarc/title/35760 850 $aSeMil 852 $aSeMil$W1$xVenegono$y1$m1X IV 36/D FA$j162470$B162470$CSeMilBibl$Z2$F173722 $8I 996 $6245$aSatire di Tito Petronio Arbitro :$bcavaliere romano$9(OLS)http://semarc/title/306178 996 $6246$aT. Petronii Arbitri Satyricon$9(OLS)http://semarc/title/306179 996 $6260$aVenezia :$bGiuseppe Antonelli$9(OLS)http://semarc/publisher/32487 LEADER 01099nam a2200265 i 4500 001 000000226025 003 CaOOAMICUS 005 20181206120323.0 008 140102s2007 it u000 u ita u 013 $a204927 040 $aSeMil$bita 100 1 $aHughes, Lindsey.$0(OLS)http://semarc/name/78457 245 10$aPietro il Grande /$cLindsey Hughes ; traduzione di Patrizia Parnisari. 260 $aMilano :$bIl Giornale,$c[2007] 300 $aXXI, 341 p. :$bill. ;$c21 cm. 490 0 $aIl Giornale / Biblioteca storica ;$v8 650 4$aPietro : il Grande.$0(OLS)http://semarc/subject/17133 700 1 $aParnisari, Patrizia.$0(OLS)http://semarc/name/78458 830 0$aBiblioteca storica ;$v8.$0(OLS)http://semarc/title/9383 850 $aSeMil 852 $aSeMil$W1$xVenegono$y1$m3U III 483$j176371$B176371$CSeMilBibl$Z2$F187682 $81 961 $aOmaggio: Grampa dott. Cesare 996 $6245$aPietro il Grande$9(OLS)http://semarc/title/197433 996 $6260$aMilano :$bIl Giornale$9(OLS)http://semarc/publisher/32993